| 000 | 00692nam a22001817a 4500 | ||
|---|---|---|---|
| 005 | 20250117082002.0 | ||
| 008 | 221020b ||||| |||| 00| 0 eng d | ||
| 020 | _a9786214182251 | ||
| 082 | _aDFil 303.34 G165 2022 | ||
| 100 |
_aGarcia, Mario A. _946445 |
||
| 245 |
_aCharacter formation 2 leadership, decision making, management and administration : _ba textbook for criminology students in the 21st century / _cMario A. Garcia. |
||
| 260 |
_aQuezon City : _bWiseman's Books Trading, Inc., _c©2022. |
||
| 300 |
_alvi, 169 pages ; _c22 cm. |
||
| 500 | _aIncludes bibliographical references. | ||
| 650 |
_aLeadership. _942180 |
||
| 650 |
_aExecutive ability. _946446 |
||
| 942 |
_2ddc _cDFIL |
||
| 999 |
_c17451 _d17451 |
||